000
00215nam a2200085Ia 4500
008
120527s9999 xx 000 0 und d
100
_a
Solo,A. Robert
245
_a
Economics organistion and social systems
942
_c
BK
999
_c
27156
_d
27156